[Event "CZE-chT2A 2223"]
[Site "Czech Republic"]
[Date "2022.12.18"]
[Round "5.5"]
[White "Herejk, Petr"]
[Black "Kopriva, Martin"]
[Result "1-0"]
[WhiteElo "2132"]
[BlackElo "2121"]
[PlyCount "89"]
[EventDate "2022.10.16"]
[EventType "team-tourn"]
[EventRounds "11"]
[EventCountry "CZE"]
[SourceTitle "EXT 2024"]
[Source "ChessBase"]
[SourceDate "2023.10.10"]
[SourceVersion "1"]
[SourceVersionDate "2023.10.10"]
[SourceQuality "1"]
[WhiteTeam "Plzen"]
[BlackTeam "Klatovy"]
[WhiteTeamCountry "CZE"]
[BlackTeamCountry "CZE"]

1. e4 c5 2. Nf3 g6 3. d4 cxd4 4. Nxd4 Bg7 5. Nc3 Nc6 6. Be3 Nf6 7. Bc4 0-0 8. Bb3 d6 9. h3 a6 10. 0-0 Bd7 11. Re1 b5 12. Nd5 Nxd5 13. exd5 Nxd4 14. Bxd4 f5 15. Bxg7 Kxg7 16. Qd4+ Kg8 17. c3 Rf7 18. f4 Qf8 19. a4 h6 20. axb5 Bxb5 21. c4 Bd7 22. Ba4 Bxa4 23. Rxa4 g5 24. Rea1 Qc8 25. b4 gxf4 26. Qxf4 Rb8 27. R1a3 Rg7 28. Kh2 Rb6 29. Qd4 Qb7 30. b5 e5 31. Qf2 f4 32. Rxa6 Rxa6 33. Rxa6 Qf7 34. Ra8+ Kh7 35. Qc2+ Rg6 36. b6 Qf6 37. Qe4 Qg5 38. b7 Qg3+ 39. Kh1 f3 40. Qxf3 Qe1+ 41. Kh2 Qc1 42. Qf7+ Rg7 43. Qf5+ Rg6 44. b8Q Qxc4 45. Qg8# 1-0

[Event "CZE-chT2A 2223"]
[Site "Czech Republic"]
[Date "2022.12.04"]
[Round "4.5"]
[White "Svejda, Karel"]
[Black "Herejk, Petr"]
[Result "0-1"]
[WhiteElo "1754"]
[BlackElo "2132"]
[PlyCount "58"]
[EventDate "2022.10.16"]
[EventType "team-tourn"]
[EventRounds "11"]
[EventCountry "CZE"]
[SourceTitle "EXT 2024"]
[Source "ChessBase"]
[SourceDate "2023.10.10"]
[SourceVersion "1"]
[SourceVersionDate "2023.10.10"]
[SourceQuality "1"]
[WhiteTeam "Budejovice II"]
[BlackTeam "Plzen"]
[WhiteTeamCountry "CZE"]
[BlackTeamCountry "CZE"]

1. d4 Nf6 2. Nf3 g6 3. Bg5 Bg7 4. Nbd2 0-0 5. c3 d5 6. e3 b6 7. Be2 c5 8. b4 Nc6 9. b5 Na5 10. 0-0 h6 11. Bh4 Bf5 12. h3 c4 13. Ne5 Qe8 14. g4 Be6 15. Rb1 Nd7 16. Nxd7 Bxd7 17. e4 dxe4 18. Nxc4 Nxc4 19. Bxc4 Kh7 20. Qb3 g5 21. Bg3 f5 22. gxf5 Bxf5 23. Be6 Qg6 24. Bxf5 Qxf5 25. Kh2 h5 26. h4 gxh4 27. Bxh4 Qg4 28. Bg3 h4 29. Bc7 Rf3 0-1

[Event "CZE-chT2A 2122"]
[Site "Czech Republic"]
[Date "2022.03.20"]
[Round "10.5"]
[White "Herejk, Petr"]
[Black "Erban, Stepan"]
[Result "1-0"]
[WhiteElo "2186"]
[BlackElo "1942"]
[PlyCount "65"]
[EventDate "2021.10.17"]
[EventType "team-tourn"]
[EventRounds "11"]
[EventCountry "CZE"]
[SourceTitle "EXT 2025"]
[Source "ChessBase"]
[SourceDate "2024.10.14"]
[SourceVersion "1"]
[SourceVersionDate "2024.10.14"]
[SourceQuality "1"]
[WhiteTeam "Plzen"]
[BlackTeam "Prachatice Tatran"]
[WhiteTeamCountry "CZE"]
[BlackTeamCountry "CZE"]

1. e4 e5 2. d4 exd4 3. Bc4 Nc6 4. Nf3 d6 5. Nxd4 g6 6. Nc3 Bg7 7. Be3 Nf6 8. f3 a6 9. a4 Nxd4 10. Bxd4 Be6 11. Qd3 0-0 12. 0-0 Nd7 13. Bxg7 Kxg7 14. f4 Qf6 15. b4 c5 16. b5 Nb6 17. Bxe6 Qxe6 18. a5 Nc8 19. Nd5 Qd7 20. f5 f6 21. Nf4 Re8 22. Ne6+ Rxe6 23. fxe6 Qxe6 24. bxa6 bxa6 25. Rab1 Ra7 26. Rb8 c4 27. Qd4 Rc7 28. Rfb1 Ne7 29. R1b7 Rxb7 30. Rxb7 Kh6 31. Rb6 c3 32. Rxd6 Qa2 33. Qxc3 1-0

[Event "CZE-chT2A 2122"]
[Site "Czech Republic"]
[Date "2022.01.30"]
[Round "7.3"]
[White "Hrdina, Robin"]
[Black "Herejk, Petr"]
[Result "1-0"]
[WhiteElo "2151"]
[BlackElo "2186"]
[PlyCount "77"]
[EventDate "2021.10.17"]
[EventType "team-tourn"]
[EventRounds "11"]
[EventCountry "CZE"]
[SourceTitle "EXT 2025"]
[Source "ChessBase"]
[SourceDate "2024.10.14"]
[SourceVersion "1"]
[SourceVersionDate "2024.10.14"]
[SourceQuality "1"]
[WhiteTeam "Vlasim II"]
[BlackTeam "Plzen"]
[WhiteTeamCountry "CZE"]
[BlackTeamCountry "CZE"]

1. e4 c5 2. c3 Nf6 3. e5 Nd5 4. d4 cxd4 5. Nf3 e6 6. cxd4 b6 7. Bd3 Bb7 8. 0-0 Nc6 9. Nc3 Nxc3 10. bxc3 d6 11. Re1 dxe5 12. Nxe5 Nxe5 13. Rxe5 Bd6 14. Qa4+ Kf8 15. Rh5 Qc7 16. c4 Kg8 17. Qc2 g6 18. Rh3 Bf8 19. Bb2 Bg7 20. Rd1 Rd8 21. Bf1 h6 22. Qb3 Kh7 23. d5 Bxb2 24. Qxb2 exd5 25. cxd5 Rhe8 26. Qd2 h5 27. Qg5 Re5 28. Rxh5+ gxh5 29. Bd3+ Kh8 30. Qh6+ Kg8 31. Bh7+ Kh8 32. Bd3+ Kg8 33. d6 Rxd6 34. Bh7+ Kh8 35. Bg6+ Kg8 36. Qh7+ Kf8 37. Qh8+ Ke7 38. Qxe5+ Kd7 39. Bf5+ 1-0

[Event "CZE-chT2A 1415"]
[Site "Czech Republic"]
[Date "2015.02.22"]
[Round "8.2"]
[White "Herejk, Petr"]
[Black "Satransky, Jaroslav"]
[Result "1-0"]
[WhiteElo "2180"]
[BlackElo "2275"]
[PlyCount "91"]
[EventDate "2014.11.02"]
[EventType "team-tourn"]
[EventRounds "11"]
[EventCountry "CZE"]
[SourceTitle "EXT 2022"]
[Source "ChessBase"]
[SourceDate "2021.10.06"]
[SourceVersion "1"]
[SourceVersionDate "2021.10.06"]
[SourceQuality "1"]
[WhiteTeam "Plzen Letna"]
[BlackTeam "Kladno"]
[WhiteTeamCountry "CZE"]
[BlackTeamCountry "CZE"]

1. e4 e5 2. Nf3 Nc6 3. d4 exd4 4. Bc4 Nf6 5. 0-0 Bc5 6. e5 d5 7. exf6 dxc4 8. Re1+ Be6 9. Ng5 Qd5 10. Nc3 Qf5 11. Nce4 0-0-0 12. g4 Qe5 13. fxg7 Rhg8 14. Nxe6 fxe6 15. Bh6 d3 16. c3 Bb6 17. Qf3 Rxg7 18. Nf6 Rg6 19. Rxe5 Nxe5 20. Qf4 Nf7 21. g5 Nxh6 22. h4 Nf7 23. Nxh7 Nd6 24. h5 Rg7 25. g6 Nf5 26. Ng5 Rd5 27. Nf7 c6 28. Qe4 a6 29. Qxe6+ Kb8 30. Qe4 Ka7 31. Kg2 Rg8 32. Rd1 Rg7 33. Qxc4 d2 34. Qf4 Ne7 35. Qf6 Nf5 36. h6 Nxh6 37. Nxh6 Rgd7 38. g7 Bd8 39. Qf8 Rg5+ 40. Kf1 Rgxg7 41. Rxd2 Rxd2 42. Qxg7 Bb6 43. Ng4 Rxb2 44. f4 Rxa2 45. f5 Ra3 46. Ke2 1-0

[Event "CZE-chT2A 1415"]
[Site "Czech Republic"]
[Date "2014.11.30"]
[Round "3.1"]
[White "Svatos, Jan"]
[Black "Herejk, Petr"]
[Result "1/2-1/2"]
[WhiteElo "2226"]
[BlackElo "2180"]
[PlyCount "77"]
[EventDate "2014.11.02"]
[EventType "team-tourn"]
[EventRounds "11"]
[EventCountry "CZE"]
[SourceTitle "EXT 2022"]
[Source "ChessBase"]
[SourceDate "2021.10.06"]
[SourceVersion "1"]
[SourceVersionDate "2021.10.06"]
[SourceQuality "1"]
[WhiteTeam "Praha Vrsovice"]
[BlackTeam "Plzen Letna"]
[WhiteTeamCountry "CZE"]
[BlackTeamCountry "CZE"]

1. d4 Nf6 2. Bg5 c5 3. Bxf6 gxf6 4. d5 d6 5. Nd2 Nd7 6. Ngf3 f5 7. e4 Bg7 8. c3 Nf6 9. Bb5+ Bd7 10. Qe2 fxe4 11. Nxe4 Bxb5 12. Nxf6+ Bxf6 13. Qxb5+ Qd7 14. Qxd7+ Kxd7 15. Nd2 Rhg8 16. Ne4 Rg4 17. Nxf6+ exf6 18. g3 Re4+ 19. Kd2 c4 20. Rae1 Re5 21. Rxe5 dxe5 22. Ke3 f5 23. h3 Kd6 24. g4 fxg4 25. hxg4 Kxd5 26. Rxh7 Rf8 27. f4 exf4+ 28. Kxf4 Ke6 29. Rh6+ Ke7 30. Rh5 Rc8 31. Rb5 b6 32. Re5+ Kd6 33. Kf5 Rh8 34. Re2 Rh6 35. g5 Rh1 36. Rd2+ Ke7 37. Re2+ Kd6 38. Rd2+ Ke7 39. Re2+ 1/2-1/2

[Event "Prague Holiday M11"]
[Site "Prague"]
[Date "2014.07.24"]
[Round "8"]
[White "Hirn, Oskar"]
[Black "Herejk, Petr"]
[Result "1-0"]
[WhiteElo "2219"]
[BlackElo "2208"]
[PlyCount "65"]
[EventDate "2014.07.20"]
[EventType "tourn"]
[EventRounds "9"]
[EventCountry "CZE"]
[SourceTitle "EXT 2023"]
[Source "ChessBase"]
[SourceDate "2022.10.05"]
[SourceVersion "1"]
[SourceVersionDate "2022.10.05"]
[SourceQuality "1"]

1. d4 d5 2. c4 c6 3. Nf3 Nf6 4. Qc2 e6 5. Nc3 Nbd7 6. e3 Bd6 7. g4 dxc4 8. Bxc4 Nxg4 9. Rg1 Qf6 10. Ne4 Qxf3 11. Nxd6+ Ke7 12. Ne4 Ngf6 13. Ng5 Qh5 14. b3 h6 15. Ba3+ Ke8 16. Be2 Qxh2 17. Nf3 Qh3 18. Rxg7 Qh1+ 19. Rg1 Qh5 20. Ne5 Qh2 21. 0-0-0 Nxe5 22. dxe5 Nd5 23. Rg4 Bd7 24. Qc5 Rc8 25. Rdg1 Kd8 26. Rg8+ Kc7 27. Qd6+ Kb6 28. Bc5+ Ka5 29. R8g4 b5 30. Qxd7 Rc7 31. Qxc7+ Nxc7 32. Ra4+ bxa4 33. b4# 1-0

[Event "Prague Holiday M21"]
[Site "Prague"]
[Date "2013.07.23"]
[Round "4"]
[White "Gregor, Jiri"]
[Black "Herejk, Petr"]
[Result "1-0"]
[WhiteElo "2277"]
[BlackElo "2205"]
[PlyCount "106"]
[EventDate "2013.07.21"]
[EventType "tourn"]
[EventRounds "9"]
[EventCountry "CZE"]
[SourceTitle "EXT 2023"]
[Source "ChessBase"]
[SourceDate "2022.10.05"]
[SourceVersion "1"]
[SourceVersionDate "2022.10.05"]
[SourceQuality "1"]

1. d4 d5 2. c4 c6 3. Nc3 Nf6 4. Nf3 e6 5. e3 Nbd7 6. Qc2 Bd6 7. b3 0-0 8. Bd3 dxc4 9. bxc4 e5 10. 0-0 Re8 11. Rd1 Qe7 12. Nd2 Nf8 13. Nf1 exd4 14. exd4 Bg4 15. f3 Bh5 16. Bg5 h6 17. Bh4 g5 18. Bf2 Bg6 19. Re1 Qd7 20. Ne4 Nxe4 21. Bxe4 Bxe4 22. fxe4 Ne6 23. c5 Bf8 24. Rad1 Bg7 25. Ng3 Rad8 26. Nf5 Nf4 27. Bg3 Ng6 28. Bd6 Kh7 29. g3 Bf8 30. Rb1 Ne7 31. Bxe7 Bxe7 32. Qb3 Bf6 33. Rbd1 Bg7 34. Nd6 Re7 35. e5 Rf8 36. Qc2+ Kg8 37. Rb1 Qg4 38. Re4 Qf3 39. Rb3 Qh5 40. Nxb7 f5 41. Re1 f4 42. Nd6 f3 43. Qf2 g4 44. h4 gxh3 45. Kh2 Qg4 46. Re4 Qg6 47. Rxf3 Rb8 48. Kxh3 Rb1 49. Kg2 Qg5 50. Rff4 Qh5 51. Rh4 Qg6 52. Ref4 Rc1 53. Re4 Kh7 1-0

[Event "Prague Holiday M21"]
[Site "Prague"]
[Date "2013.07.21"]
[Round "1"]
[White "Heissenberger, Andreas"]
[Black "Herejk, Petr"]
[Result "1/2-1/2"]
[WhiteElo "2021"]
[BlackElo "2205"]
[PlyCount "32"]
[EventDate "2013.07.21"]
[EventType "tourn"]
[EventRounds "9"]
[EventCountry "CZE"]
[SourceTitle "EXT 2023"]
[Source "ChessBase"]
[SourceDate "2022.10.05"]
[SourceVersion "1"]
[SourceVersionDate "2022.10.05"]
[SourceQuality "1"]

1. e4 c5 2. Nf3 d6 3. d4 cxd4 4. Nxd4 Nf6 5. Nc3 Nc6 6. Be3 Ng4 7. Nxc6 bxc6 8. Bg5 h6 9. Bh4 g5 10. Bg3 Bg7 11. Bc4 Qa5 12. 0-0 0-0 13. Qd2 Ne5 14. Bb3 Ba6 15. Rfe1 Nc4 16. Bxc4 Bxc4 1/2-1/2

[Event "CZE-chT2A 1112"]
[Site "Czech Republic"]
[Date "2012.04.22"]
[Round "11"]
[White "Herejk, Petr"]
[Black "Novy, Vaclav"]
[Result "1-0"]
[WhiteElo "2169"]
[BlackElo "2066"]
[PlyCount "61"]
[EventDate "2011.10.09"]
[EventType "team-tourn"]
[EventRounds "11"]
[EventCountry "CZE"]
[SourceTitle "EXT 2013"]
[Source "ChessBase"]
[SourceDate "2012.11.22"]
[SourceVersion "1"]
[SourceVersionDate "2012.11.22"]
[SourceQuality "1"]
[WhiteTeam "Line"]
[BlackTeam "Klatovy"]
[WhiteTeamCountry "CZE"]
[BlackTeamCountry "CZE"]

1. e4 c5 2. Nf3 d6 3. d4 cxd4 4. Nxd4 Nf6 5. Nc3 g6 6. Be3 Bg7 7. f3 0-0 8. Qd2 Nc6 9. 0-0-0 d5 10. Kb1 Nxd4 11. e5 Nd7 12. Bxd4 Nxe5 13. Qe3 Nc6 14. Bxg7 Kxg7 15. Nxd5 Qa5 16. b4 Qa4 17. b5 Bf5 18. Qc3+ f6 19. bxc6 bxc6 20. Ne3 Rab8+ 21. Ka1 Be6 22. Bc4 Bxc4 23. Nxc4 Rb4 24. Nd2 Rd8 25. Nb3 Rc4 26. Qb2 Rb8 27. Rd7 Kf7 28. Re1 Qb4 29. Rdxe7+ Qxe7 30. Rxe7+ Kxe7 31. Qa3+ 1-0

[Event "CZE-chT2A 1011"]
[Site "Czech Republic"]
[Date "2011.03.06"]
[Round "9"]
[White "Herejk, Petr"]
[Black "Eret, Jaroslav"]
[Result "1/2-1/2"]
[WhiteElo "2202"]
[BlackElo "2160"]
[PlyCount "103"]
[EventDate "2010.10.17"]
[EventType "team-tourn"]
[EventRounds "11"]
[EventCountry "CZE"]
[SourceTitle "EXT 2012"]
[Source "ChessBase"]
[SourceDate "2011.11.24"]
[SourceVersion "1"]
[SourceVersionDate "2011.11.24"]
[SourceQuality "1"]
[WhiteTeam "Line"]
[BlackTeam "Plzen Letna"]
[WhiteTeamCountry "CZE"]
[BlackTeamCountry "CZE"]

1. e4 Nf6 2. e5 Nd5 3. d4 d6 4. c4 Nb6 5. exd6 cxd6 6. Nc3 g6 7. Be3 Bg7 8. Rc1 Nc6 9. b3 Bf5 10. Be2 d5 11. c5 Nc8 12. Nf3 0-0 13. 0-0 Bg4 14. h3 Bxf3 15. Bxf3 e6 16. Qd2 Re8 17. Rfd1 N8e7 18. g4 f5 19. Ne2 Qa5 20. Qxa5 Nxa5 21. b4 Nac6 22. b5 Nd8 23. Rd3 a6 24. Ra3 e5 25. dxe5 Bxe5 26. Bd4 Nf7 27. bxa6 Rxa6 28. Rxa6 bxa6 29. gxf5 gxf5 30. Kg2 Rc8 31. Rc3 Kg7 32. Ra3 Rc6 33. Bxe5+ Nxe5 34. Nd4 Rg6+ 35. Kf1 N5c6 36. Nxc6 Rxc6 37. Ra5 Kf6 38. Be2 Ke5 39. Bxa6 Kd4 40. Ke2 Rxc5 41. Rxc5 Kxc5 42. Bd3 Kb4 43. Ke3 Kc3 44. a4 d4+ 45. Ke2 Kb4 46. Bb5 Nd5 47. Kd3 Kc5 48. Bd7 Nf4+ 49. Kd2 Nxh3 50. Bxf5 Nxf2 51. Ke2 Kb4 52. Bc2 1/2-1/2

[Event "CZE-chT2A 1011"]
[Site "Czech Republic"]
[Date "2010.11.07"]
[Round "2"]
[White "Korostenski, Frantisek"]
[Black "Herejk, Petr"]
[Result "1/2-1/2"]
[WhiteElo "2178"]
[BlackElo "2202"]
[PlyCount "77"]
[EventDate "2010.10.17"]
[EventType "team-tourn"]
[EventRounds "11"]
[EventCountry "CZE"]
[SourceTitle "EXT 2012"]
[Source "ChessBase"]
[SourceDate "2011.11.24"]
[SourceVersion "1"]
[SourceVersionDate "2011.11.24"]
[SourceQuality "1"]
[WhiteTeam "Cesky Krumlov"]
[BlackTeam "Line"]
[WhiteTeamCountry "CZE"]
[BlackTeamCountry "CZE"]

1. e4 c5 2. a3 g6 3. c3 Bg7 4. Nf3 d5 5. exd5 Qxd5 6. d4 Nc6 7. Be3 cxd4 8. cxd4 e6 9. Nc3 Qd8 10. Be2 Nge7 11. Qd2 0-0 12. 0-0 Nf5 13. Rad1 Nxe3 14. Qxe3 Ne7 15. Ne5 Qa5 16. Nc4 Qd8 17. Ne5 Nf5 18. Qe4 Qa5 19. f4 Rd8 20. Kh1 Qb6 21. Rf3 Rxd4 22. Rxd4 Qxd4 23. Rd3 Qxe4 24. Rd8+ Bf8 25. Nxe4 Kg7 26. g4 Ne3 27. g5 b6 28. Bf3 Be7 29. Re8 Nd5 30. Nc3 Bb7 31. Rxe7 Nxe7 32. Bxb7 Rd8 33. Nf3 Nf5 34. Ba6 Ne3 35. Kg1 Nd1 36. Nxd1 Rxd1+ 37. Kf2 Rb1 38. b4 Rb3 39. Bc4 1/2-1/2

[Event "CZE-chT2A 1011"]
[Site "Czech Republic"]
[Date "2010.10.17"]
[Round "1"]
[White "Herejk, Petr"]
[Black "Jaros, Martin"]
[Result "1/2-1/2"]
[WhiteElo "2202"]
[BlackElo "2161"]
[PlyCount "92"]
[EventDate "2010.10.17"]
[EventType "team-tourn"]
[EventRounds "11"]
[EventCountry "CZE"]
[SourceTitle "EXT 2012"]
[Source "ChessBase"]
[SourceDate "2011.11.24"]
[SourceVersion "1"]
[SourceVersionDate "2011.11.24"]
[SourceQuality "1"]
[WhiteTeam "Line"]
[BlackTeam "Plzen Sokol"]
[WhiteTeamCountry "CZE"]
[BlackTeamCountry "CZE"]

1. e4 e5 2. Nf3 Nc6 3. Bb5 a6 4. Ba4 Nf6 5. 0-0 Nxe4 6. d4 b5 7. Bb3 d5 8. dxe5 Be6 9. c3 Qd7 10. Qe2 Be7 11. Bc2 Nc5 12. Nbd2 Bg4 13. h3 Bh5 14. Re1 Rd8 15. Nb3 Ne6 16. Bf5 Bg6 17. Nbd4 Ncxd4 18. Nxd4 Bxf5 19. Nxf5 Bf8 20. Nd4 c5 21. Nxe6 fxe6 22. Bg5 Be7 23. Bxe7 Qxe7 24. a4 c4 25. axb5 axb5 26. Qe3 0-0 27. Ra7 Rd7 28. Rea1 Rf7 29. Ra8+ Rf8 30. Qb6 Rb7 31. Rxf8+ Kxf8 32. Ra8+ Kf7 33. Qe3 Qh4 34. Qf3+ Kg6 35. Rf8 Qg5 36. Rf4 h5 37. Qe3 Kh7 38. g3 b4 39. Kg2 bxc3 40. bxc3 Rb1 41. Qe2 Rb3 42. Rf3 Rb1 43. Re3 Qg6 44. Qf3 Ra1 45. Re2 Rd1 46. Re3 Rc1 1/2-1/2

[Event "Klatovy op"]
[Site "Klatovy"]
[Date "2010.07.11"]
[Round "9"]
[White "Vedral, Oldrich"]
[Black "Herejk, Petr"]
[Result "1/2-1/2"]
[WhiteElo "2303"]
[BlackElo "2200"]
[PlyCount "125"]
[EventDate "2010.07.03"]
[EventType "swiss"]
[EventRounds "9"]
[EventCountry "CZE"]
[SourceTitle "CBM 137 Extra"]
[Source "ChessBase"]
[SourceDate "2010.09.01"]
[SourceVersion "1"]
[SourceVersionDate "2010.09.01"]
[SourceQuality "1"]

1. e4 c5 2. Nf3 d6 3. d4 cxd4 4. Nxd4 Nf6 5. Nc3 Nc6 6. Be2 e5 7. Nb3 Be7 8. 0-0 0-0 9. f4 exf4 10. Bxf4 Be6 11. Kh1 a6 12. Nd4 Nxd4 13. Qxd4 Qc7 14. e5 dxe5 15. Bxe5 Rad8 16. Qe3 Qc5 17. Qxc5 Bxc5 18. Bxf6 gxf6 19. Ne4 Bd4 20. Bd3 Kg7 21. Ng3 Bxb2 22. Rab1 Be5 23. Rxb7 Bxg3 24. hxg3 Bxa2 25. Ra7 Rd6 26. Rxa6 Rxa6 27. Bxa6 Rd8 28. Bd3 Rd4 29. Rf4 Rd5 30. Kg1 Rc5 31. Kf1 Bb1 32. Rf5 Rc7 33. Rf2 Rc5 34. Ke1 Rg5 35. Rf3 Ba2 36. c4 Rg4 37. c5 Bd5 38. Re3 Bxg2 39. Be2 Rb4 40. Rc3 Bc6 41. Kf2 Kf8 42. Bf3 Bxf3 43. Kxf3 Ke7 44. c6 Kd8 45. Rd3+ Kc7 46. Rd7+ Kxc6 47. Rxf7 Kd5 48. Rxf6 Rb7 49. Kf4 Rg7 50. g4 Ra7 51. Kf5 Ra1 52. Rh6 Rf1+ 53. Kg5 Rf7 54. Rh1 Rg7+ 55. Kh5 Ke6 56. Rf1 Ke7 57. g5 Rg6 58. Rf4 Ke8 59. Rf1 Ke7 60. Rh1 Kf7 61. Kg4 Kg7 62. Kf5 Ra6 63. Rb1 1/2-1/2

[Event "Klatovy op"]
[Site "Klatovy"]
[Date "2010.07.08"]
[Round "6"]
[White "Herejk, Petr"]
[Black "Kopta, Pavel"]
[Result "1/2-1/2"]
[WhiteElo "2200"]
[BlackElo "2271"]
[PlyCount "60"]
[EventDate "2010.07.03"]
[EventType "swiss"]
[EventRounds "9"]
[EventCountry "CZE"]
[SourceTitle "CBM 137 Extra"]
[Source "ChessBase"]
[SourceDate "2010.09.01"]
[SourceVersion "1"]
[SourceVersionDate "2010.09.01"]
[SourceQuality "1"]

1. e4 c5 2. Nf3 d6 3. d4 cxd4 4. Nxd4 Nf6 5. Nc3 g6 6. Be3 Bg7 7. f3 0-0 8. Qd2 Nc6 9. 0-0-0 d5 10. Kb1 Nxd4 11. e5 Nf5 12. exf6 exf6 13. Bc5 d4 14. Bxf8 Qxf8 15. Nb5 Ne3 16. Re1 f5 17. Nxd4 f4 18. Rxe3 fxe3 19. Qxe3 Bd7 20. Nb3 Re8 21. Qf2 Qd6 22. Bd3 a5 23. a3 a4 24. Nc1 Be6 25. Na2 Rc8 26. f4 h5 27. Rf1 Rc5 28. Nb4 Bf6 29. h3 h4 30. Rd1 Kg7 1/2-1/2

[Event "CZE-chT2A 0910"]
[Site "Czech Republic"]
[Date "2010.01.17"]
[Round "5.2"]
[White "Herejk, Petr"]
[Black "Borkovec, Milan"]
[Result "1/2-1/2"]
[WhiteElo "2194"]
[BlackElo "2209"]
[PlyCount "129"]
[EventDate "2009.10.18"]
[EventType "team-tourn"]
[EventRounds "11"]
[EventCountry "CZE"]
[SourceTitle "EXT 2012"]
[Source "ChessBase"]
[SourceDate "2011.11.24"]
[SourceVersion "1"]
[SourceVersionDate "2011.11.24"]
[SourceQuality "1"]
[WhiteTeam "Line"]
[BlackTeam "Tabor"]
[WhiteTeamCountry "CZE"]
[BlackTeamCountry "CZE"]

1. e4 e5 2. Nf3 Nc6 3. d4 exd4 4. Bc4 Nf6 5. 0-0 d6 6. Nxd4 Be7 7. Nc3 0-0 8. h3 Ne5 9. Be2 c6 10. f4 Ng6 11. Kh1 d5 12. f5 Ne5 13. Bf4 Bd6 14. exd5 Nxd5 15. Nxd5 cxd5 16. Qe1 Re8 17. Qg3 Bd7 18. Rad1 a6 19. Bh5 Qf6 20. Bg5 Nc6 21. Qg4 Qe5 22. Bf4 Qf6 23. Bxd6 Qxd6 24. Qf4 Qxf4 25. Rxf4 Re4 26. Rxe4 dxe4 27. Nxc6 Bxc6 28. Kg1 Kf8 29. Kf2 Ke7 30. Ke3 g6 31. fxg6 hxg6 32. Be2 f5 33. Kf4 Rf8 34. h4 Rf6 35. g3 Be8 36. Rd4 Rc6 37. c4 Kf6 38. b3 Bf7 39. Bf1 Be6 40. Be2 b6 41. Bf1 b5 42. g4 fxg4 43. Kxe4 Rc5 44. cxb5 axb5 45. Bd3 Rh5 46. Rd6 Ke7 47. Rb6 Rxh4 48. Bxb5 Rh2 49. Bc4 Bf5+ 50. Kf4 Rxa2 51. Bd5 Rf2+ 52. Kg3 Rd2 53. Bg2 g5 54. b4 Rd3+ 55. Kf2 Rb3 56. Bd5 g3+ 57. Kg2 Rd3 58. Bf3 g4 59. Ba8 Bd7 60. Be4 Re3 61. Ba8 Be6 62. b5 Kf6 63. Bd5 Kf5 64. Bxe6+ Rxe6 65. Rxe6 1/2-1/2

[Event "Ricany op"]
[Site "Ricany"]
[Date "2009.08.29"]
[Round "9"]
[White "Haman, Jakub"]
[Black "Herejk, Petr"]
[Result "0-1"]
[WhiteElo "1926"]
[BlackElo "2174"]
[PlyCount "84"]
[EventDate "2009.08.22"]
[EventType "swiss"]
[EventRounds "9"]
[EventCountry "CZE"]
[SourceTitle "CBM 131 Extra"]
[Source "ChessBase"]
[SourceDate "2009.09.03"]
[SourceVersion "2"]
[SourceVersionDate "2009.09.16"]
[SourceQuality "1"]

1. e4 c5 2. Nf3 d6 3. d4 cxd4 4. Nxd4 Nc6 5. Nc3 Nf6 6. Bg5 e6 7. Qd2 h6 8. Bh4 Nxe4 9. Bxd8 Nxd2 10. Bb5 Bd7 11. Bh4 Nxd4 12. Bxd7+ Kxd7 13. Kxd2 Nf5 14. Bg3 Nxg3 15. hxg3 d5 16. Rad1 Rc8 17. Rh4 Be7 18. Ra4 a6 19. Ke1 Rc6 20. Rf4 f5 21. g4 g5 22. Rfd4 Bc5 23. R4d3 fxg4 24. Na4 Ba7 25. R1d2 h5 26. f3 g3 27. Nc3 Ke7 28. Ne2 Bf2+ 29. Kf1 Rc4 30. Ng1 Bxg1 31. Kxg1 Rhc8 32. c3 Kf6 33. Kf1 b5 34. a3 a5 35. Rd1 b4 36. axb4 axb4 37. cxb4 Rxb4 38. R3d2 Rcb8 39. Rb1 Kf5 40. Rc2 R8b6 41. Rd2 h4 42. Re2 g4 0-1

[Event "Ricany op"]
[Site "Ricany"]
[Date "2009.08.26"]
[Round "6"]
[White "Herejk, Petr"]
[Black "Hulin, Petr"]
[Result "1/2-1/2"]
[WhiteElo "2174"]
[BlackElo "2073"]
[PlyCount "32"]
[EventDate "2009.08.22"]
[EventType "swiss"]
[EventRounds "9"]
[EventCountry "CZE"]
[SourceTitle "CBM 131 Extra"]
[Source "ChessBase"]
[SourceDate "2009.09.03"]
[SourceVersion "2"]
[SourceVersionDate "2009.09.16"]
[SourceQuality "1"]

1. e4 c5 2. Nf3 e6 3. d4 cxd4 4. Nxd4 a6 5. Bd3 Nf6 6. 0-0 d6 7. Qe2 Nc6 8. Nxc6 bxc6 9. c4 e5 10. Nc3 Be7 11. h3 0-0 12. b3 g6 13. Be3 Nh5 14. Qd2 f5 15. exf5 gxf5 16. Qe2 Qe8 1/2-1/2

[Event "Ricany op"]
[Site "Ricany"]
[Date "2009.08.23"]
[Round "2"]
[White "Herejk, Petr"]
[Black "Framberk, Jan"]
[Result "1/2-1/2"]
[WhiteElo "2174"]
[BlackElo "2025"]
[PlyCount "126"]
[EventDate "2009.08.22"]
[EventType "swiss"]
[EventRounds "9"]
[EventCountry "CZE"]
[SourceTitle "CBM 131 Extra"]
[Source "ChessBase"]
[SourceDate "2009.09.03"]
[SourceVersion "2"]
[SourceVersionDate "2009.09.16"]
[SourceQuality "1"]

1. e4 d6 2. d4 Nf6 3. Nc3 c6 4. f4 Qa5 5. Bd3 e5 6. Nf3 Bg4 7. dxe5 dxe5 8. fxe5 Nfd7 9. Bf4 Bb4 10. 0-0 Bxc3 11. bxc3 0-0 12. Qe1 Bxf3 13. Rxf3 Nxe5 14. Rh3 Ng6 15. Bd6 Re8 16. e5 Nd7 17. Bxg6 fxg6 18. Qh4 h6 19. Qc4+ Kh7 20. e6 Ne5 21. Qb3 Rad8 22. Bxe5 Qxe5 23. Qxb7 Qc5+ 24. Kh1 Rxe6 25. Rf3 Red6 26. Raf1 Rd1 27. h3 R8d2 28. Qb8 Rxf1+ 29. Rxf1 Qg5 30. Rg1 Rxc2 31. Qxa7 Rxc3 32. Qf2 Qd5 33. Kh2 Ra3 34. Rf1 Rxa2 35. Qf3 Qxf3 36. Rxf3 c5 37. Rc3 Ra5 38. Kg3 g5 39. Kf3 Kg6 40. Ke4 h5 41. Rc2 Ra4+ 42. Kf3 c4 43. Ke4 c3+ 44. Kd3 Ra3 45. Kc4 Ra7 46. Kd3 Rc7 47. Ke4 Kf6 48. Rf2+ Ke6 49. Rc2 Rc8 50. Kd4 g4 51. hxg4 hxg4 52. Ke4 Kf6 53. g3 Kg5 54. Kd3 Rf8 55. Rxc3 Rf3+ 56. Kd2 Rxc3 57. Kxc3 Kf5 58. Kd4 Kf6 59. Ke4 g5 60. Kd4 Kf5 61. Kd5 Kf6 62. Kd6 Kf5 63. Kd5 Kf6 1/2-1/2

[Event "Ricany op-A"]
[Site "Ricany"]
[Date "2008.08.29"]
[Round "8"]
[White "Herejk, Petr"]
[Black "Vojta, Pavel"]
[Result "0-1"]
[WhiteElo "2197"]
[BlackElo "2137"]
[PlyCount "104"]
[EventDate "2008.08.23"]
[EventType "swiss"]
[EventRounds "9"]
[EventCountry "CZE"]
[SourceTitle "CBM 126 Extra"]
[Source "ChessBase"]
[SourceDate "2008.11.05"]
[SourceVersion "1"]
[SourceVersionDate "2008.11.05"]
[SourceQuality "1"]

1. e4 c5 2. Nf3 d6 3. d4 cxd4 4. Nxd4 Nf6 5. Nc3 g6 6. Be3 Bg7 7. f3 0-0 8. Qd2 Nc6 9. 0-0-0 Bd7 10. g4 a6 11. h4 h5 12. gxh5 Nxh5 13. Nd5 b5 14. Bh3 Bxd4 15. Bxd4 Nxd4 16. Qxd4 Ng3 17. Rh2 Bxh3 18. Qf2 Nh5 19. Rxh3 e6 20. Ne3 Qb6 21. Qe1 Rfc8 22. Rh2 Rc6 23. Rhd2 a5 24. Ng2 b4 25. Qe3 Qc7 26. Kb1 Rc8 27. Ne1 a4 28. a3 Rb8 29. axb4 Rxb4 30. Qa3 Rcb6 31. Rd4 Rxb2+ 32. Qxb2 Rxb2+ 33. Kxb2 Nf4 34. Rxa4 d5 35. Nd3 Ne2 36. Ra3 dxe4 37. fxe4 Qb7+ 38. Rb3 Qxe4 39. Rb4 Qc6 40. c4 Kg7 41. Rd2 Qf3 42. Rb3 Qe3 43. Rd1 Qd4+ 44. Ka3 Qxc4 45. Rd2 Nd4 46. Rbb2 Nb5+ 47. Rxb5 Qxb5 48. Rd1 f5 49. Nb4 Qc4 50. Rh1 f4 51. h5 gxh5 52. Rxh5 f3 0-1